000 01083nam a2200349 i 4500
001 34780
003 KOSZ 005
005 20220323133909.0
008 130201s2012 us a f |001 0 eng
020 _a9781585037124
040 _cKOSZ 005
_aKOSZ 005
_dKOSZ 005/HR
041 0 _aeng
044 _aUSA
046 _k2012
080 _a62-1/-8
080 _a004.925.8
080 _a004.42
100 1 _aShih, Randy H.
_eAutor
245 1 0 _aParametric modeling with SolidWorks 2012 /
_cRandy H. Shih, Paul J. Schilling.
260 _aMission :
_bSDC Publications,
_ccop. 2012.
300 _awiele liczb. ;
_bil.
_c28 cm.
380 _aKsiążki
388 _a2001-
504 _aIndeks.
650 4 _aMaszyny
650 4 _aProjektowanie wspomagane komputerowo
650 4 _aSolidWorks (program komputerowy)
658 _aInformatyka i technologie informacyjne
700 1 _aSchilling, Paul J.
_eAutor
856 _uhttp://koha.tu.koszalin.pl/cgi-bin/koha/opac-detail.pl?biblionumber=34780
_yKatalog online BPK
942 _cKS
_2UKD
999 _c34780
_d34780